Manuale di storia universale : per le classi superiori delle scuole medie. Vol. II : storia dei Romani. Terza edizione

Gespeichert in:
Bibliographische Detailangaben
1. Verfasser: Bondi, Arturo
Format: Buch
Sprache:Italienisch
Erschienen: Torino G. B. Paravia e C. 1919
Katalog:EDISCO:  Suchergebnis im Bibliothekskatalog
Schulbuchspezifische Eigenschaften:
Schriftenreihe:Collezione Paravia e geografia
Tags: Tag hinzufügen
Keine Tags, Fügen Sie den ersten Tag hinzu!
Hinzugefügt zu:30.04.2016
Geändert in:18.10.2017

MARC

LEADER 00000aam a22000007 4500
001 08956
003 OSt
005 20171018101200.0
008 160501s1919 it 000 0 ita
040 |c Marco Di Giovanni 
041 1 |a ita 
100 1 |a Bondi, Arturo 
245 0 0 |a Manuale di storia universale : per le classi superiori delle scuole medie. Vol. II : storia dei Romani. Terza edizione 
260 |a Torino  |b G. B. Paravia e C.  |c 1919 
300 |a 196 p.: il, 2/5 ;   |c in 8° 
490 1 |a Collezione Paravia   |a e geografia 
901 |a 7 
942 |2 ddc  |c BK 
546 |a ita 
999 |c 8945  |d 8945 
999 |c edisco:8945  |d 8945